Geology of the Three Forks quadrangle, Montana. (Record no. 29721)

MARC details
000 -LEADER
fixed length control field 01079cam a22002891 4500
001 - CONTROL NUMBER
control field gs 63000240
003 - CONTROL NUMBER IDENTIFIER
control field DLC
005 - DATE AND TIME OF LATEST TRANSACTION
control field 20260227111412.0
008 - FIXED-LENGTH DATA ELEMENTS--GENERAL INFORMATION
fixed length control field 761015s1963 dcuabd b f000 0 eng
010 ## - LIBRARY OF CONGRESS CONTROL NUMBER
LC control number gs 63000240
035 ## - SYSTEM CONTROL NUMBER
System control number (OCoLC)2505529
040 ## - CATALOGING SOURCE
Original cataloging agency DLC
Transcribing agency OClU
Modifying agency ISS
-- OCoLC
-- DLC
042 ## - AUTHENTICATION CODE
Authentication code premarc
050 00 - LIBRARY OF CONGRESS CALL NUMBER
Classification number QE75
Item number .P9 no. 370
086 0# - GOVERNMENT DOCUMENT CLASSIFICATION NUMBER
Classification number I 19.16:370
100 1# - MAIN ENTRY--PERSONAL NAME
Personal name Robinson, G. D.
Fuller form of name (Gershon Du Vall),
Dates associated with a name 1918-
245 00 - TITLE STATEMENT
Title Geology of the Three Forks quadrangle, Montana.
Statement of responsibility, etc. With sections on petrography of igneous rocks, by H. Frank Barnett.
260 ## - PUBLICATION, DISTRIBUTION, ETC.
Place of publication, distribution, etc. Washington,
Name of publisher, distributor, etc. U.S. Govt. Print. Off.,
Date of publication, distribution, etc. 1963.
300 ## - PHYSICAL DESCRIPTION
Extent 143 p.
Other physical details illus., maps (2 col.) diagrs., tables.
Dimensions 29 cm.
410 20 - SERIES STATEMENT/ADDED ENTRY--CORPORATE NAME [OBSOLETE, CAN/MARC], [LOCAL, USA]
Corporate name or jurisdiction name as entry element Geological Survey (U.S.).
Title of a work Professional paper,
Volume number/sequential designation 370
500 ## - GENERAL NOTE
General note 4 pieces of illustrative matter fold. in pocket.
504 ## - BIBLIOGRAPHY, ETC. NOTE
Bibliography, etc. note Bibliography: p. 135-140.
650 #0 - SUBJECT ADDED ENTRY--TOPICAL TERM
Topical term or geographic name entry element Geology
Geographic subdivision Montana
-- Three Forks quadrangle
650 #0 - SUBJECT ADDED ENTRY--TOPICAL TERM
Topical term or geographic name entry element Petrology
Geographic subdivision Montana
-- Three Forks quadrangle
700 1# - ADDED ENTRY--PERSONAL NAME
Personal name Barnett, Henry Frank,
Dates associated with a name 1921-
740 4# - ADDED ENTRY--UNCONTROLLED RELATED/ANALYTICAL TITLE
Uncontrolled related/analytical title The Three Forks quadrangle, Montana.

No items available.

Powered by Koha